000 00306nam a22001337a 4500
082 _a894.812.3
_bPUN/M
100 _aPUNNAYUR, NASEEM
245 _aMANUKKATTILE SANKEERTHANANANGAL
260 _aGURUVAYOOR
_bPREEKSHA PUBLICATIONS
_c2016
300 _a124
520 _aNOVEL
650 _aNOVEL
942 _cBK
999 _c5526
_d5526